Праздник, который всегда с тобой: [18+]; [НЕЗАКОННОЕ ПОТРЕБЛЕНИЕ НАРКОТИЧЕСКИХ СРЕДСТВ, ПСИХОТРОПНЫХ ВЕЩЕСТВ, ИХ АНАЛОГОВ ПРИЧИНЯЕТ ВРЕД ЗДОРОВЬЮ, ИХ НЕЗАКОННЫЙ ОБОРОТ ЗАПРЕЩЁН И ВЛЕЧЕТ УСТАНОВЛЕННУЮ ЗАКОНОДАТЕЛЬСТВОМ ОТВЕТСТВЕННОСТЬ]; пер. с англ.

Бібліографічні деталі
Автор: Хемингуэй Э. М. Эрнест Миллер
Мова:Російська
Опубліковано: Москва, Вагриус, 2003
Серія:Мой 20 век
Предмети:
Формат: Книга
KOHA link:https://koha.lib.tpu.ru/cgi-bin/koha/opac-detail.pl?biblionumber=98935

MARC

LEADER 00000nam0a2200000 4500
001 98935
005 20260414094047.0
010 |a 5956000279 
035 |a (RuTPU)RU\TPU\book\106092 
090 |a 98935 
100 |a 20060623d2003 m y0rusy50 ca 
101 1 |a rus  |c eng 
102 |a RU 
105 |a ac z 000aa 
200 1 |a Праздник, который всегда с тобой  |e [18+]  |e [НЕЗАКОННОЕ ПОТРЕБЛЕНИЕ НАРКОТИЧЕСКИХ СРЕДСТВ, ПСИХОТРОПНЫХ ВЕЩЕСТВ, ИХ АНАЛОГОВ ПРИЧИНЯЕТ ВРЕД ЗДОРОВЬЮ, ИХ НЕЗАКОННЫЙ ОБОРОТ ЗАПРЕЩЁН И ВЛЕЧЕТ УСТАНОВЛЕННУЮ ЗАКОНОДАТЕЛЬСТВОМ ОТВЕТСТВЕННОСТЬ]  |e пер. с англ.  |f Э. Хемингуэй 
210 |a Москва  |c Вагриус  |d 2003 
215 |a 331 с.  |c ил. 
225 1 |a Мой 20 век 
600 1 |a Хемингуэй  |b Э.  |c американский писаптель  |c лауреат Нобелевской премии  |f 1899-1961  |g Эрнст  |2 stltpush  |3 (RuTPU)RU\TPU\pers\18600 
610 1 |a американская литература 
610 1 |a проза 
610 1 |a автобиографическая проза 
610 1 |a 20 век 
610 1 |a история 
675 |a 82  |v 3 
700 1 |a Хемингуэй  |b Э. М.  |c американский писатель  |c лауреат Нобелевской премии  |f 1899-1961  |g Эрнест Миллер  |3 (RuTPU)RU\TPU\pers\18600  |9 6900 
801 1 |a RU  |b 63413507  |c 20060623  |g PSBO 
801 2 |a RU  |b 63413507  |c 20140524  |g PSBO 
830 |a *изданиеподлежащеемаркировке 
942 |c BK